00655nam a2200193 a 450000100100000000500170001000800410002702000180006804000250008610000280011124500780013925000130021726000340023030000230026450000210028750400300030895201060033899900170044400004064820201002034257.0130904s1984 sp 000 0 spa d a9788475092416 aDO-SdBNPbspacBNPHU1 aVilches, Lorenzo94584513aLa lectura de la imagen :bprensa, cine, televisión /cLorenzo Vilches. a10a. ed. aBarcelona :bPaidós,c1984. a248 p. : ;c22 cm. aIncluye índice aBibliografía : 231 -244 0010507-18MOaGRbGRcOId2013-09-04iLF1l0o p40648-10r2020-06-25w2020-06-25y1ZNo se presta c40138d40138